00377nam a2200109Ia 4500008004100000100006200041245006100103260000900164300003100173440002400204650003900228180117s9999 xx 000 0 und d aBY Antoinio La Vina, Margarita Reyes, and Elirozz Labaria 4aThe Philippines, Climate Change, and the Paris Agreement c2017 a13-16 pages, 2017 March 26 aPhilippine Panorama aCLIMATE CHANGE AND PARIS AGREEMENT